| 000 | 00000nam##2200000za#4500 |
| 001 | 9.569093 |
| 003 | CaOODSP |
| 005 | 20210624181611 |
| 007 | cr ||||||||||| |
| 008 | 150406|2000||||xxc|||||o f|0| 0 eng|d |
| 040 | |aCaOODSP|beng |
| 043 | |an-cn--- |
| 086 | 1 |aNH15-374/2000E-PDF |
| 110 | 2 |aCanada Mortgage and Housing Corporation. |
| 245 | 10|aHomeownership education and counselling : |h[electronic resource]|ban examination of U.S. experience and its relevance for Canada / |cby George McCarthy. |
| 260 | |bCanada Mortgage and Housing Corporation |cJune 2000. |
| 300 | |a173p.|bglossary, graphs, references, tables |
| 490 | 1 |aResearch report. Housing affordability and finance series |
| 500 | |aThe catalogue number (NH15-374/2000E) and ISBN (0-660-18361-7) for the print edition have been incorrectly copied in this electronic publication. |
| 590 | |a11-04-Supp|b2011-02-17 |
| 720 | 1 |aMcCarthy, George |
| 775 | 08|tLes services de formation et de consultation pour l'accession à la propriété : |w(CaOODSP)9.600334 |
| 776 | 0#|tHomeownership education and counselling : |w(CaOODSP)9.620136 |
| 830 | #0|aResearch report. Housing affordability and finance series.|w(CaOODSP)9.504903 |
| 856 | 40|ahttp://publications.gc.ca|qPDF|s707 KB|uhttps://publications.gc.ca/collections/collection_2011/schl-cmhc/nh18-1-1/NH15-374-2000-eng.pdf |